[Event "75th Armenian Ch. / The Highest League"]
[Site "Yerevan"]
[Date "2015.01.16"]
[Round "5"]
[Board "1"]
[White "Pashikian, Arman"]
[Black "Hovhannisyan, Robert Ar."]
[Result "1/2-1/2"]
[WhiteElo "2614"]
[BlackElo "2594"]
[PlyCount "109"]
[EventDate "2015.01.12"]
[EventRounds "9"]
[EventCountry "ARM"]

1. d4 d5 2. c4 c6 3. Nc3 Nf6 4. e3 e6 5. Nf3 Nbd7 6. Qc2 Bd6 7. Bd3 dxc4 8.
Bxc4 b5 9. Be2 O-O 10. O-O a6 11. Ng5 Bb7 12. Nce4 Be7 13. Nxf6+ Nxf6 14. Bd2
b4 15. Bd3 h6 16. Nh7 Nxh7 17. Bxh7+ Kh8 18. Be4 Qb6 19. Rfc1 Rac8 20. Qb3 a5
21. Qa4 Rfd8 22. Be1 Rc7 23. a3 c5 24. dxc5 Bxc5 25. axb4 axb4 26. Bxb7 Rxb7
27. Rd1 Rbb8 28. Rxd8+ Rxd8 29. Rd1 Rxd1 30. Qxd1 Kg8 31. Qd3 Bf8 32. b3 Qa5
33. Kf1 Qc7 34. h3 Qc1 35. Ke2 Qc6 36. e4 Qc7 37. Bd2 Qh2 38. Qg3 Qg1 39. Be1
g6 40. Qf3 Qh2 41. Bd2 Qe5 42. Qd3 Qh5+ 43. Ke1 Qc5 44. Be3 Qa5 45. Bd4 Bg7 46.
Bxg7 Kxg7 47. Qd4+ e5 48. Qc4 h5 49. h4 Qa1+ 50. Ke2 Qa2+ 51. Ke3 Qa7+ 52. Kf3
Qe7 53. g3 Qf6+ 54. Ke2 Qd6 55. Ke3 1/2-1/2

[Event "75th Armenian Ch. / The Highest League"]
[Site "Yerevan"]
[Date "2015.01.16"]
[Round "5"]
[Board "2"]
[White "Grigoryan, Karen H."]
[Black "Kotanjian, Tigran"]
[Result "1-0"]
[WhiteElo "2587"]
[BlackElo "2501"]
[PlyCount "59"]
[EventDate "2015.01.12"]
[EventRounds "9"]
[EventCountry "ARM"]

1. e4 c5 2. d4 cxd4 3. c3 dxc3 4. Nf3 Nc6 5. Bc4 b5 6. Bb3 e6 7. O-O Ba6 8. Re1
b4 9. bxc3 Bc5 10. cxb4 Nxb4 11. Be3 Be7 12. Nc3 Nf6 13. e5 Ng4 14. Bd4 O-O 15.
Ne4 Nd3 16. Re2 Qa5 17. Nd6 Bxd6 18. exd6 Rfc8 19. h3 Nh6 20. Bc2 Nb4 21. Re5
Qd8 22. Be4 Nc6 23. Rh5 Nxd4 24. Qxd4 Rab8 25. Ne5 f5 26. Bxf5 Qf6 27. Be4 Rb5
28. Re1 g6 29. Bxg6 Kg7 30. Qe3 1-0

[Event "75th Armenian Ch. / The Highest League"]
[Site "Yerevan"]
[Date "2015.01.16"]
[Round "5"]
[Board "3"]
[White "Andriasian, Zaven"]
[Black "Mikaelyan, Arman"]
[Result "1/2-1/2"]
[WhiteElo "2609"]
[BlackElo "2350"]
[PlyCount "67"]
[EventDate "2015.01.12"]
[EventRounds "9"]
[EventCountry "ARM"]

1. e4 e5 2. Nf3 Nc6 3. Bc4 Bc5 4. c3 Nf6 5. d3 d6 6. O-O O-O 7. Bb3 a6 8. Nbd2
Ba7 9. h3 Ne7 10. Nh4 Kh8 11. Ndf3 Ng6 12. Nf5 Bxf5 13. exf5 Ne7 14. g4 Qd7 15.
Bg5 h6 16. Bh4 Ned5 17. Bg3 c6 18. Nh4 Rae8 19. Bc2 Nh7 20. Ng2 Ng5 21. h4 Nh3+
22. Kh2 Nhf4 23. d4 Nxg2 24. Kxg2 exd4 25. cxd4 Qe7 26. Rc1 Qf6 27. g5 hxg5 28.
Qh5+ Qh6 29. Qxh6+ gxh6 30. hxg5 hxg5 31. Bxd6 Rg8 32. Rh1+ Kg7 33. Rh5 Nf4+
34. Bxf4 1/2-1/2

[Event "75th Armenian Ch. / The Highest League"]
[Site "Yerevan"]
[Date "2015.01.16"]
[Round "5"]
[Board "4"]
[White "Grigoryan, Avetik"]
[Black "Gabuzyan, Hovhannes"]
[Result "1-0"]
[WhiteElo "2580"]
[BlackElo "2560"]
[PlyCount "109"]
[EventDate "2015.01.12"]
[EventRounds "9"]
[EventCountry "ARM"]

1. c4 Nf6 2. g3 g6 3. Bg2 Bg7 4. Nc3 O-O 5. e4 c5 6. Nge2 Nc6 7. O-O d6 8. d3
a6 9. h3 Rb8 10. a4 Ne8 11. Be3 Nd4 12. Rb1 Nc7 13. b4 Bd7 14. a5 Nce6 15. Nd5
Bc6 16. Nb6 cxb4 17. Rxb4 f5 18. Nxd4 Bxd4 19. exf5 Rxf5 20. Bd5 Bxd5 21. cxd5
Bc5 22. Rc4 Ng5 23. Bxc5 Nf3+ 24. Kg2 dxc5 25. Rxc5 Qd6 26. Qc1 Ne5 27. d4 Nf3
28. Qe3 Kg7 29. Nc4 Qf6 30. Rc7 Kg8 31. Qxe7 Qxe7 32. Rxe7 Nxd4 33. Nb6 Nb3 34.
Rb1 Rbf8 35. f4 Nxa5 36. Re2 Rd8 37. Ra2 Rfxd5 38. Nxd5 Rxd5 39. g4 Kf7 40. Rb6
Ke7 41. Kg3 Kd7 42. Rxa5 Rxa5 43. Rxb7+ Kc6 44. Rxh7 Rd5 45. Rh6 Rd6 46. h4 a5
47. h5 gxh5 48. Rxh5 Rd3+ 49. Kh4 Rd5 50. Rh8 Kb7 51. f5 a4 52. f6 Rd1 53. Kg5
Rf1 54. Kg6 a3 55. Rh2 1-0

[Event "75th Armenian Ch. / The Highest League"]
[Site "Yerevan"]
[Date "2015.01.16"]
[Round "5"]
[Board "5"]
[White "Shahinyan, David"]
[Black "Ter-Sahakyan, Samvel"]
[Result "1-0"]
[WhiteElo "2431"]
[BlackElo "2580"]
[PlyCount "81"]
[EventDate "2015.01.12"]
[EventRounds "9"]
[EventCountry "ARM"]

1. c4 e5 2. Nc3 Nc6 3. Nf3 Nf6 4. e4 Bb4 5. d3 d6 6. a3 Bc5 7. b4 Bb6 8. Na4
Bg4 9. Nxb6 axb6 10. Bb2 Bxf3 11. Qxf3 Nd4 12. Bxd4 exd4 13. Be2 O-O 14. O-O
Qe7 15. Qg3 Nd7 16. f4 Ra7 17. Bd1 Rfa8 18. a4 c5 19. b5 Re8 20. Ra2 Qf8 21.
Bf3 Kh8 22. Qh3 Re7 23. g4 f6 24. Raf2 Rxa4 25. e5 dxe5 26. Be4 Qg8 27. g5 Ra8
28. Bxb7 Rd8 29. Bd5 Qe8 30. Be4 Qg8 31. g6 Nf8 32. f5 Ra7 33. Qg2 Nd7 34. Ra2
Rxa2 35. Qxa2 Qe8 36. Qe2 Nf8 37. Ra1 hxg6 38. fxg6 Kg8 39. Qh5 Qe6 40. Bd5
Rxd5 41. Ra8 1-0

[Event "75th Armenian Ch. / The Highest League"]
[Site "Yerevan"]
[Date "2015.01.18"]
[Round "6"]
[Board "1"]
[White "Hovhannisyan, Robert Ar."]
[Black "Ter-Sahakyan, Samvel"]
[Result "1/2-1/2"]
[WhiteElo "2594"]
[BlackElo "2580"]
[PlyCount "281"]
[EventDate "2015.01.12"]
[EventRounds "9"]
[EventCountry "ARM"]

1. d4 Nf6 2. Nf3 e6 3. e3 c5 4. c4 g6 5. dxc5 Na6 6. Nc3 Nxc5 7. Be2 Bg7 8. O-O
O-O 9. Qc2 b6 10. b4 Na6 11. a3 Bb7 12. Bb2 Nc7 13. Rfd1 Qe7 14. Rac1 Rfd8 15.
Nd4 d5 16. Bf3 e5 17. Nb3 Rab8 18. cxd5 Ncxd5 19. Nd2 Rbc8 20. Nxd5 Nxd5 21.
Qb1 Rxc1 22. Qxc1 h6 23. h3 Kh7 24. Nc4 f5 25. Qa1 e4 26. Be2 h5 27. a4 Rd7 28.
a5 Nxb4 29. Bxg7 Qxg7 30. Qxg7+ Rxg7 31. axb6 axb6 32. Nxb6 Rc7 33. g4 hxg4 34.
hxg4 Nd3 35. Bxd3 exd3 36. Rxd3 Rc1+ 37. Kh2 Rh1+ 38. Kg3 Rg1+ 39. Kf4 Rxg4+
40. Ke5 Re4+ 41. Kf6 f4 42. Rd7+ Kh6 43. Rd8 Kh7 44. Rd7+ Kh6 45. Rxb7 fxe3 46.
fxe3 Rxe3 47. Nc4 Rf3+ 48. Ke6 Kg5 49. Rb5+ Kf4 50. Ne5 Re3 51. Kf6 Ke4 52. Ra5
Rb3 53. Ra4+ Kd5 54. Ng4 Rb6+ 55. Kg5 Rb1 56. Nf6+ Kc6 57. Rc4+ Kb5 58. Rc8 Rf1
59. Ne4 Rf5+ 60. Kg4 Rf1 61. Nc3+ Kb6 62. Nd5+ Kb5 63. Nf4 Kb6 64. Ne6 Kb5 65.
Nd4+ Kb6 66. Rc6+ Kb7 67. Re6 Rf8 68. Nb3 Rf5 69. Nd4 Rf7 70. Kg3 Rd7 71. Nf3
Rf7 72. Ng5 Rf5 73. Ne4 Kc7 74. Kg4 Rf1 75. Nf6 Rf5 76. Ra6 Rc5 77. Kf4 Rc1 78.
Ke5 Re1+ 79. Ne4 Kb7 80. Ra2 Rd1 81. Nc3 Rc1 82. Ne2 Rc5+ 83. Kd6 Rc6+ 84. Kd5
Ra6 85. Rc2 Ra8 86. Nf4 Rd8+ 87. Ke6 Kb6 88. Nxg6 Rd1 89. Nf4 Kb5 90. Ke5 Rf1
91. Rc8 Rd1 92. Nd5 Rh1 93. Nc3+ Kb6 94. Kd4 Rh4+ 95. Ne4 Rh1 96. Rc2 Rh8 97.
Nf6 Rh4+ 98. Kd5 Kb5 99. Rc8 Kb4 100. Rb8+ Kc3 101. Ne4+ Kd3 102. Rb3+ Kc2 103.
Rc3+ Kb2 104. Rg3 Rh8 105. Kc4 Rc8+ 106. Nc5 Kc2 107. Rg2+ Kd1 108. Rh2 Rd8
109. Nb3 Ke1 110. Nd4 Rg8 111. Kd3 Kf1 112. Nf5 Kg1 113. Ra2 Re8 114. Ne3 Rf8
115. Rg2+ Kh1 116. Ke2 Ra8 117. Rg5 Kh2 118. Kf2 Ra2+ 119. Kf3 Ra3 120. Rb5 Kg1
121. Rb2 Rd3 122. Rg2+ Kh1 123. Re2 Ra3 124. Kg3 Ra1 125. Kh3 Kg1 126. Kg3 Rb1
127. Ra2 Rc1 128. Nc2 Kh1 129. Ne3 Kg1 130. Ra3 Rb1 131. Ng4 Kh1 132. Ra2 Rb3+
133. Kf4 Rb4+ 134. Kf3 Rb3+ 135. Ne3 Kg1 136. Ra8 Rd3 137. Ke2 Rb3 138. Ra2 Kh2
139. Kf3+ Kg1 140. Re2 Ra3 141. Kg3 1/2-1/2

[Event "75th Armenian Ch. / The Highest League"]
[Site "Yerevan"]
[Date "2015.01.18"]
[Round "6"]
[Board "2"]
[White "Gabuzyan, Hovhannes"]
[Black "Shahinyan, David"]
[Result "1/2-1/2"]
[WhiteElo "2560"]
[BlackElo "2431"]
[PlyCount "126"]
[EventDate "2015.01.12"]
[EventRounds "9"]
[EventCountry "ARM"]

1. Nf3 d5 2. g3 Nc6 3. Bg2 e5 4. O-O Nf6 5. c4 d4 6. d3 Bd6 7. a3 a5 8. e3 O-O
9. exd4 Nxd4 10. Nxd4 exd4 11. Nd2 c6 12. Re1 Bg4 13. Nf3 Qd7 14. Qc2 Rfe8 15.
Bd2 Bxf3 16. Bxf3 Qf5 17. Kg2 h5 18. Rxe8+ Rxe8 19. Re1 Rxe1 20. Bxe1 h4 21. h3
a4 22. Qe2 Kf8 23. Bd2 Nd7 24. Be4 Qf6 25. Qg4 hxg3 26. fxg3 Qe7 27. Bg5 f6 28.
Bd2 Nc5 29. Bg6 Qe6 30. Bf5 Qe5 31. Bf4 Qe7 32. Bg6 Ne6 33. Bd2 Kg8 34. Bf5 Nf8
35. Qxd4 g6 36. Bg4 f5 37. Bd1 Be5 38. Qe3 Qf6 39. Bxa4 Bd4 40. Qe8 Bxb2 41.
Bb4 Qf7 42. Qb8 Bg7 43. Bb3 Qe6 44. Kf3 c5 45. Bd2 Qc6+ 46. Kf2 Qb6 47. Ba4 Qb2
48. Ke1 Qxa3 49. Qe8 Qxd3 50. Qe3 Qb1+ 51. Ke2 Bd4 52. Qf3 Kg7 53. g4 fxg4 54.
hxg4 Qb6 55. Qe4 Qe6 56. Qxe6 Nxe6 57. Bd7 Kf6 58. Kf3 Ke7 59. Bc8 b6 60. Ke4
Kd6 61. Bf4+ Nxf4 62. Kxf4 Bf6 63. Ba6 g5+ 1/2-1/2

[Event "75th Armenian Ch. / The Highest League"]
[Site "Yerevan"]
[Date "2015.01.18"]
[Round "6"]
[Board "3"]
[White "Mikaelyan, Arman"]
[Black "Grigoryan, Avetik"]
[Result "1-0"]
[WhiteElo "2350"]
[BlackElo "2580"]
[PlyCount "187"]
[EventDate "2015.01.12"]
[EventRounds "9"]
[EventCountry "ARM"]

1. Nf3 d5 2. c4 c6 3. e3 e6 4. Nc3 f5 5. b3 Nf6 6. Bb2 Bd6 7. Qc2 O-O 8. Be2
Bd7 9. O-O Qe7 10. Rac1 Be8 11. cxd5 cxd5 12. Nb5 Bxb5 13. Bxb5 a6 14. Be2 Nbd7
15. d4 Kh8 16. Ne5 Rg8 17. f3 Raf8 18. Bd3 Bb8 19. Qd2 g5 20. Qa5 Qg7 21. Qb4
Nxe5 22. dxe5 Nh5 23. Qb6 f4 24. Qxe6 fxe3 25. Qb6 Re8 26. Qxe3 Bxe5 27. Bxe5
Rxe5 28. Qd4 Nf4 29. Kh1 Nxg2 30. Bxh7 Rge8 31. Bg6 Rf8 32. Qb4 Ne3 33. Rg1 Qf6
34. Rg3 Kg8 35. Bd3 Qf4 36. Qxb7 Nf5 37. Rxg5+ Qxg5 38. Rg1 Ng7 39. Rxg5 Rxg5
40. f4 Rxf4 41. Qb8+ Rf8 42. Bh7+ Kxh7 43. Qxf8 Re5 44. Qf1 a5 45. Qb5 Ne6 46.
Qxa5 Kg6 47. Qd2 Kf5 48. a4 Nf4 49. a5 Re6 50. Qc2+ Ke5 51. Kg1 Kd4 52. Qf2+
Ke4 53. Qc2+ Kf3 54. Kf1 d4 55. Qd1+ Ke3 56. Qc1+ Kf3 57. Qa1 Ke3 58. a6 Ne2
59. Qa5 d3 60. Ke1 Rxa6 61. Qe5+ Kf3 62. Kd2 Ra2+ 63. Kxd3 Nf4+ 64. Kc4 Rc2+
65. Kb5 Rxh2 66. Qc3+ Ke4 67. Qc4+ Ke5 68. b4 Rh5 69. Ka6 Rh6+ 70. Ka5 Re6 71.
Qc7+ Ke4 72. Qh7+ Ke5 73. Kb5 Rf6 74. Qe7+ Re6 75. Qc5+ Kf6 76. Kc4 Re4+ 77.
Kc3 Ke6 78. b5 Nd5+ 79. Kb3 Re3+ 80. Ka4 Rc3 81. Qd4 Kd6 82. Qg1 Rc4+ 83. Ka5
Rc3 84. Qg6+ Kc5 85. Qg1+ Kc4 86. Qf1+ Kc5 87. Qf2+ Kd6 88. Qf8+ Kd7 89. b6 Rb3
90. Qf7+ Kd6 91. b7 Ra3+ 92. Kb5 Rb3+ 93. Ka4 Rb2 94. Qf8+ 1-0

[Event "75th Armenian Ch. / The Highest League"]
[Site "Yerevan"]
[Date "2015.01.18"]
[Round "6"]
[Board "4"]
[White "Kotanjian, Tigran"]
[Black "Andriasian, Zaven"]
[Result "1/2-1/2"]
[WhiteElo "2501"]
[BlackElo "2609"]
[PlyCount "26"]
[EventDate "2015.01.12"]
[EventRounds "9"]
[EventCountry "ARM"]

1. d4 d5 2. c4 c6 3. Nc3 Nf6 4. e3 e6 5. Nf3 Nbd7 6. b3 Bd6 7. Bb2 b6 8. Bd3
Bb7 9. O-O O-O 10. e4 dxe4 11. Nxe4 Nxe4 12. Bxe4 Nf6 13. Bc2 c5 1/2-1/2

[Event "75th Armenian Ch. / The Highest League"]
[Site "Yerevan"]
[Date "2015.01.18"]
[Round "6"]
[Board "5"]
[White "Pashikian, Arman"]
[Black "Grigoryan, Karen H."]
[Result "0-1"]
[WhiteElo "2614"]
[BlackElo "2587"]
[PlyCount "104"]
[EventDate "2015.01.12"]
[EventRounds "9"]
[EventCountry "ARM"]

1. d4 f5 2. c4 Nf6 3. Nf3 g6 4. g3 Bg7 5. Bg2 O-O 6. O-O d6 7. Nc3 Qe8 8. Nd5
Nxd5 9. cxd5 Qb5 10. Qc2 Na6 11. e3 h6 12. Ne1 e5 13. dxe6 Bxe6 14. a4 Qb6 15.
Bd2 c5 16. d5 Bd7 17. Nd3 Nb4 18. Nxb4 cxb4 19. Qb3 a5 20. Bc3 Rac8 21. Bxg7
Kxg7 22. Rfc1 Rc5 23. Qd1 Rfc8 24. Qd4+ Kf7 25. Re1 Qd8 26. Qf4 Qf6 27. Qxh6
Qxb2 28. e4 Qg7 29. Qh4 Rh8 30. Qf4 Qe5 31. Qd2 fxe4 32. Bxe4 Qf6 33. Rab1 Rc3
34. Bd3 Kg7 35. Re3 Re8 36. Rbe1 Rcc8 37. Bb5 Rxe3 38. Rxe3 Bh3 39. Bf1 Bd7 40.
Bb5 Bxb5 41. axb5 Rf8 42. Re6 Qa1+ 43. Kg2 Qc3 44. Qe2 Qd4 45. Rxd6 Rf7 46. Qc2
Qg4 47. Qb2+ Kh7 48. Rd8 Qf3+ 49. Kg1 Qf6 50. Qxf6 Rxf6 51. d6 b3 52. d7 Rd6
 0-1

[Event "75th Armenian Ch. / The Highest League"]
[Site "Yerevan"]
[Date "2015.01.19"]
[Round "7"]
[Board "1"]
[White "Grigoryan, Karen H."]
[Black "Hovhannisyan, Robert Ar."]
[Result "1/2-1/2"]
[WhiteElo "2587"]
[BlackElo "2594"]
[PlyCount "95"]
[EventDate "2015.01.12"]
[EventRounds "9"]
[EventCountry "ARM"]

1. f4 d5 2. Nf3 Bg4 3. e3 Nf6 4. h3 Bxf3 5. Qxf3 Nbd7 6. g4 e5 7. g5 Ne4 8. d3
Nd6 9. Qxd5 Nf5 10. Qf3 g6 11. Nc3 Bg7 12. Bd2 O-O 13. O-O-O b5 14. fxe5 Nxe5
15. Qf4 c5 16. Bg2 Rb8 17. Nd5 b4 18. Kb1 Nd7 19. Be4 Nb6 20. Nf6+ Bxf6 21.
gxf6 Qxf6 22. Bxf5 Nd5 23. Qc4 Nc3+ 24. Bxc3 bxc3 25. b3 gxf5 26. Rhg1+ Kh8 27.
Qxc5 Rbc8 28. Qd4 Qxd4 29. exd4 Rcd8 30. Rdf1 Rd5 31. a4 h6 32. Ka2 a5 33. Ka3
Kh7 34. Rf4 Rb8 35. h4 Rb4 36. Rf3 Rbxd4 37. Rfg3 h5 38. Rg7+ Kh6 39. Rxf7 Rg4
40. Rf1 Kg6 41. Rc7 Rxh4 42. Rxc3 Rg4 43. Rc6+ Kg5 44. c4 Rxd3 45. Rc5 Rf4 46.
Rg1+ Rg4 47. Rf1 Rf4 48. Rg1+ 1/2-1/2

[Event "75th Armenian Ch. / The Highest League"]
[Site "Yerevan"]
[Date "2015.01.19"]
[Round "7"]
[Board "2"]
[White "Andriasian, Zaven"]
[Black "Pashikian, Arman"]
[Result "0-1"]
[WhiteElo "2609"]
[BlackElo "2614"]
[PlyCount "90"]
[EventDate "2015.01.12"]
[EventRounds "9"]
[EventCountry "ARM"]

1. Nf3 d5 2. g3 g6 3. c4 dxc4 4. Qa4+ Nc6 5. Qxc4 Bg7 6. Bg2 e5 7. Nc3 Nge7 8.
d3 h6 9. O-O Be6 10. Qa4 O-O 11. Be3 Nd4 12. Rfc1 c6 13. Qd1 f5 14. b4 Nxf3+
15. exf3 Nd5 16. Nxd5 Bxd5 17. a4 Rf7 18. b5 Rd7 19. Qe2 Kh7 20. Rab1 cxb5 21.
axb5 b6 22. Bd2 Rc8 23. h4 h5 24. Bg5 Qg8 25. Kh2 Rdc7 26. Rxc7 Rxc7 27. f4
Bxg2 28. Kxg2 Qd5+ 29. Kg1 exf4 30. Bxf4 Rd7 31. Rb4 Bf8 32. Rc4 Qxb5 33. Rc8
Bg7 34. Qe8 Qd5 35. Ra8 Qf7 36. Qb8 Re7 37. Be3 Be5 38. Qd8 Rd7 39. Qg5 Bg7 40.
d4 b5 41. Qf4 b4 42. Qb8 b3 43. Qc8 Rc7 44. Qa6 b2 45. Rb8 Rc1+ 0-1

[Event "75th Armenian Ch. / The Highest League"]
[Site "Yerevan"]
[Date "2015.01.19"]
[Round "7"]
[Board "3"]
[White "Grigoryan, Avetik"]
[Black "Kotanjian, Tigran"]
[Result "1/2-1/2"]
[WhiteElo "2580"]
[BlackElo "2501"]
[PlyCount "46"]
[EventDate "2015.01.12"]
[EventRounds "9"]
[EventCountry "ARM"]

1. c4 c5 2. g3 g6 3. Bg2 Bg7 4. Nc3 Nc6 5. Nf3 e6 6. d4 cxd4 7. Nb5 d5 8. cxd5
exd5 9. O-O Nge7 10. Bf4 O-O 11. Qd2 Bg4 12. Nbxd4 Qb6 13. h3 Bxf3 14. Nxf3
Rfd8 15. Rac1 Rd7 16. Rb1 d4 17. Ne1 Nd5 18. Nd3 Nxf4 19. Qxf4 Re8 20. Qd2 Rde7
21. Bf3 Ne5 22. Nxe5 Bxe5 23. Kg2 Rc8 1/2-1/2

[Event "75th Armenian Ch. / The Highest League"]
[Site "Yerevan"]
[Date "2015.01.19"]
[Round "7"]
[Board "4"]
[White "Shahinyan, David"]
[Black "Mikaelyan, Arman"]
[Result "0-1"]
[WhiteElo "2431"]
[BlackElo "2350"]
[PlyCount "164"]
[EventDate "2015.01.12"]
[EventRounds "9"]
[EventCountry "ARM"]

1. Nf3 Nf6 2. c4 c6 3. g3 g6 4. b3 Bg7 5. Bb2 O-O 6. Bg2 d5 7. O-O Nbd7 8. d3
Re8 9. Nbd2 e5 10. e4 dxe4 11. dxe4 Qc7 12. Qc2 b6 13. Rad1 Bb7 14. Nb1 Nc5 15.
Rfe1 Nfd7 16. Ba3 a5 17. Nc3 Rad8 18. Bh3 Bf8 19. Bb2 Ne6 20. Na4 f6 21. Rd2
Ndc5 22. Rxd8 Rxd8 23. Ba3 Kg7 24. Bxe6 Nxe6 25. Bxf8+ Kxf8 26. Rd1 Rxd1+ 27.
Qxd1 b5 28. Nb2 Nc5 29. Qe2 Qd7 30. Qe3 Qd6 31. Nd2 Kg7 32. f3 Bc8 33. Kf2 Be6
34. Ke2 Bf7 35. Nd3 Ne6 36. c5 Nd4+ 37. Kd1 Qd7 38. f4 exf4 39. Nxf4 a4 40. Kc1
axb3 41. Nxb3 Nxb3+ 42. axb3 Qa7 43. Kb2 b4 44. Ne2 Qa3+ 45. Kb1 Bxb3 46. Qd2
Bf7 47. Nc1 g5 48. Qd4 h5 49. Nd3 b3 50. Nb4 Bg6 51. h4 b2 52. Nc2 Qxg3 53.
hxg5 Qxg5 54. Qd7+ Kh6 55. Kxb2 Bxe4 56. Nd4 Qxc5 57. Qd8 Qe5 58. Kc1 c5 59.
Qh8+ Kg5 60. Ne2 Bg6 61. Kd2 h4 62. Qa8 Qe4 63. Qc8 Qd5+ 64. Ke1 c4 65. Qc7 Qe4
66. Qc5+ f5 67. Qg1+ Kh6 68. Kf2 h3 69. Qg3 Qg2+ 70. Qxg2 hxg2 71. Kxg2 Kg5 72.
Kg3 Bh5 73. Nf4 c3 74. Ne6+ Kf6 75. Nf4 c2 76. Nd3 Kg5 77. Kf2 f4 78. Ke1 Bg6
79. Nc1 Kg4 80. Kf2 f3 81. Nb3 Bf7 82. Nc1 Bc4 0-1

[Event "75th Armenian Ch. / The Highest League"]
[Site "Yerevan"]
[Date "2015.01.19"]
[Round "7"]
[Board "5"]
[White "Ter-Sahakyan, Samvel"]
[Black "Gabuzyan, Hovhannes"]
[Result "1-0"]
[WhiteElo "2580"]
[BlackElo "2560"]
[PlyCount "87"]
[EventDate "2015.01.12"]
[EventRounds "9"]
[EventCountry "ARM"]

1. e4 c5 2. Nf3 d6 3. d4 cxd4 4. Nxd4 Nf6 5. Nc3 a6 6. h3 e5 7. Nb3 b5 8. g4
Bb7 9. Bg2 b4 10. Nd5 Nxd5 11. exd5 a5 12. a3 Nd7 13. axb4 axb4 14. Bd2 h5 15.
Bxb4 Rxa1 16. Qxa1 hxg4 17. Na5 Qb6 18. Qa3 gxh3 19. Bxh3 f5 20. Bg2 Rxh1+ 21.
Bxh1 Ba6 22. Bf3 Nf6 23. c4 g5 24. Nc6 g4 25. Bxd6 g3 26. Bxf8 gxf2+ 27. Kd2
f1=N+ 28. Kd1 Ne3+ 29. Kc1 Nexd5 30. cxd5 Qg1+ 31. Bd1 Nxd5 32. Qxa6 Qe3+ 33.
Kb1 Qe4+ 34. Bc2 Qh1+ 35. Ka2 Kxf8 36. Qc8+ Kg7 37. Qd7+ Kh6 38. Qe6+ Kg7 39.
Qxe5+ Nf6 40. Qe7+ Kg6 41. Ne5+ Kg5 42. Qg7+ Kf4 43. Nd3+ Ke3 44. Qa7+ 1-0

[Event "75th Armenian Ch. / The Highest League"]
[Site "Yerevan"]
[Date "2015.01.20"]
[Round "8"]
[Board "1"]
[White "Hovhannisyan, Robert Ar."]
[Black "Gabuzyan, Hovhannes"]
[Result "1/2-1/2"]
[WhiteElo "2594"]
[BlackElo "2560"]
[PlyCount "156"]
[EventDate "2015.01.12"]
[EventRounds "9"]
[EventCountry "ARM"]

1. e4 c5 2. Nf3 d6 3. d4 cxd4 4. Nxd4 Nf6 5. Nc3 a6 6. h3 e5 7. Nde2 h5 8. Bg5
Be6 9. f4 Nbd7 10. f5 Bc4 11. Ng3 Rc8 12. Bxc4 Rxc4 13. Qd3 Qc7 14. Nge2 d5 15.
exd5 e4 16. Qd2 Bb4 17. a3 Bxc3 18. Nxc3 Qg3+ 19. Kf1 Qe5 20. Qf4 Qxf4+ 21.
Bxf4 h4 22. Ke2 Rh5 23. Rhf1 Rxf5 24. Rad1 Nh5 25. Ke3 Ndf6 26. Bh2 Rg5 27. Rf2
Ng3 28. Bxg3 Rxg3+ 29. Ke2 b5 30. Kf1 b4 31. axb4 Rxb4 32. Rf4 Kd8 33. d6 a5
34. Rxh4 Kd7 35. Rf4 e3 36. Rf5 Rxb2 37. Rxa5 Rxc2 38. Ra7+ Kd8 39. Ra8+ Kd7
40. Ra7+ Kd8 41. Ne2 Rg5 42. Rxf7 Rd2 43. Ra1 Ra5 44. Rb1 Rb5 45. Re1 Rxd6 46.
Rxg7 Ne4 47. Kg1 Rbd5 48. Kh2 Rd1 49. Rxd1 Rxd1 50. Rg4 Nd2 51. h4 Rf1 52. h5
Rf5 53. Rh4 Ke7 54. h6 Rf8 55. Kg3 Kf7 56. Rf4+ Ke7 57. Kh4 Rxf4+ 58. Nxf4 Kf7
59. g4 e2 60. Nxe2 Kg6 61. h7 Kxh7 62. Kg5 Nf3+ 63. Kf4 Nh4 64. Nd4 Ng2+ 65.
Kf3 Nh4+ 66. Kf2 Ng6 67. Nf3 Ne7 68. Kg3 Nd5 69. g5 Nc7 70. Nd4 Kg6 71. Kh4 Ne8
72. Ne6 Ng7 73. Nd4 Ne8 74. Nc6 Ng7 75. Ne5+ Kf5 76. Nc6 Ne6 77. Ne7+ Ke5 78.
g6 Kf6 1/2-1/2

[Event "75th Armenian Ch. / The Highest League"]
[Site "Yerevan"]
[Date "2015.01.20"]
[Round "8"]
[Board "2"]
[White "Mikaelyan, Arman"]
[Black "Ter-Sahakyan, Samvel"]
[Result "0-1"]
[WhiteElo "2350"]
[BlackElo "2580"]
[PlyCount "86"]
[EventDate "2015.01.12"]
[EventRounds "9"]
[EventCountry "ARM"]

1. d4 d5 2. c4 c6 3. Nc3 Nf6 4. e3 e6 5. Nf3 Nbd7 6. Qc2 Bd6 7. Bd3 O-O 8. O-O
dxc4 9. Bxc4 b5 10. Be2 a6 11. e4 e5 12. Bg5 h6 13. Bh4 exd4 14. Nxd4 Qc7 15.
Bg3 Bxg3 16. hxg3 c5 17. Nf5 Nb6 18. Ne3 Bb7 19. f4 c4 20. Bf3 Qc5 21. Qf2 b4
22. Ned5 Qxf2+ 23. Rxf2 Bxd5 24. Nxd5 Nfxd5 25. exd5 Rfd8 26. Rc1 Rac8 27. Rd2
Rd6 28. Rd4 a5 29. Kf2 Kf8 30. Ke3 Ke7 31. Kd2 Rc5 32. Ke2 Rd8 33. a3 b3 34.
Kd2 Kd6 35. Be4 Rdc8 36. Re1 c3+ 37. Kc1 Rc4 38. Rxc4 Nxc4 39. Bf5 Nxb2 40. Re3
Rc5 41. g4 a4 42. Be4 c2 43. Re1 Nd1 0-1

[Event "75th Armenian Ch. / The Highest League"]
[Site "Yerevan"]
[Date "2015.01.20"]
[Round "8"]
[Board "3"]
[White "Kotanjian, Tigran"]
[Black "Shahinyan, David"]
[Result "0-1"]
[WhiteElo "2501"]
[BlackElo "2431"]
[PlyCount "84"]
[EventDate "2015.01.12"]
[EventRounds "9"]
[EventCountry "ARM"]

1. d4 e6 2. c4 b6 3. a3 Bb7 4. Nc3 f5 5. d5 Nf6 6. g3 Na6 7. Bg2 Nc5 8. Nh3 Be7
9. O-O O-O 10. Nf4 e5 11. Nd3 Nxd3 12. exd3 d6 13. d4 Nd7 14. dxe5 Nxe5 15. f4
Nxc4 16. Qa4 Na5 17. Bd2 Qe8 18. Rae1 Qxa4 19. Nxa4 Bf6 20. Bc3 Bxc3 21. Nxc3
Ba6 22. Rf3 Nc4 23. Rf2 Rae8 24. Rc1 Ne3 25. Bf3 Rf7 26. Na2 Bc4 27. Nb4 a5 28.
Nc6 Bxd5 29. Nd4 Bxf3 30. Rxf3 Ree7 31. Re1 Nd5 32. Rxe7 Nxe7 33. Re3 g6 34.
Nb5 Nd5 35. Rd3 Nf6 36. Rc3 Ne8 37. b4 axb4 38. axb4 Re7 39. Nd4 Nf6 40. b5 Re4
41. Nc6 Nd5 42. Ra3 Kf7 0-1

[Event "75th Armenian Ch. / The Highest League"]
[Site "Yerevan"]
[Date "2015.01.20"]
[Round "8"]
[Board "4"]
[White "Pashikian, Arman"]
[Black "Grigoryan, Avetik"]
[Result "0-1"]
[WhiteElo "2614"]
[BlackElo "2580"]
[PlyCount "74"]
[EventDate "2015.01.12"]
[EventRounds "9"]
[EventCountry "ARM"]

1. d4 e6 2. c4 f5 3. a3 Nf6 4. Nc3 b6 5. g3 Bb7 6. d5 Na6 7. Bg2 Nc5 8. Nh3 Be7
9. O-O O-O 10. Nf4 e5 11. Nd3 Nxd3 12. exd3 Bc5 13. Ne2 a5 14. Bd2 e4 15. Bc3
a4 16. Bd4 Qe7 17. dxe4 fxe4 18. Nc3 Ba6 19. Bxf6 Qxf6 20. Nxe4 Qxb2 21. Nxc5
bxc5 22. Qxa4 d6 23. Rab1 Qa2 24. Rbc1 Bb7 25. Qd7 Ba6 26. Be4 Bxc4 27. Rc2 Qb3
28. Qe6+ Kh8 29. Qh3 h6 30. Rd1 Be2 31. Rdc1 Qxa3 32. Qd7 Rae8 33. Rc3 Qb4 34.
Bg2 Qd4 35. Qxc7 Qxf2+ 36. Kh1 Bf3 37. Bxf3 Re1+ 0-1

[Event "75th Armenian Ch. / The Highest League"]
[Site "Yerevan"]
[Date "2015.01.20"]
[Round "8"]
[Board "5"]
[White "Grigoryan, Karen H."]
[Black "Andriasian, Zaven"]
[Result "1/2-1/2"]
[WhiteElo "2587"]
[BlackElo "2609"]
[PlyCount "121"]
[EventDate "2015.01.12"]
[EventRounds "9"]
[EventCountry "ARM"]

1. c4 e5 2. Nc3 Nc6 3. e3 Nf6 4. Nf3 Bb4 5. Qc2 O-O 6. Nd5 Re8 7. Ng5 g6 8. h4
Bf8 9. Be2 d6 10. Nxf6+ Qxf6 11. g4 Qe7 12. d3 Bg7 13. Bd2 a5 14. a3 Rb8 15.
Ne4 Be6 16. g5 d5 17. cxd5 Bxd5 18. Rc1 Rbd8 19. Rg1 f5 20. gxf6 Bxf6 21. Nxf6+
Qxf6 22. e4 Rf8 23. Be3 Be6 24. h5 Nd4 25. Qd1 Rd7 26. Bg4 Bxg4 27. Rxg4 Nf3+
28. Ke2 Nd4+ 29. Kf1 c6 30. Rg3 Ne6 31. Qb3 Kg7 32. hxg6 hxg6 33. Ke2 Nd4+ 34.
Bxd4 Rxd4 35. f3 Rf7 36. Rcg1 Kf8 37. Qb6 a4 38. Qa7 b5 39. Qc5+ Ke8 40. Rh1
Qd6 41. Rh8+ Rf8 42. Rxf8+ Kxf8 43. Qxd6+ Rxd6 44. Rg5 Re6 45. Ke3 Kf7 46. f4
exf4+ 47. Kxf4 Rf6+ 48. Ke3 Rd6 49. Rc5 Ke7 50. e5 Re6 51. Kf4 Kd7 52. Kg5 Re8
53. d4 Rf8 54. Rc2 Rf1 55. Kxg6 Rf4 56. Kg5 Rxd4 57. Kf5 Rd1 58. Rh2 Rf1+ 59.
Ke4 Rc1 60. Rh7+ Ke6 61. Rh6+ 1/2-1/2

[Event "75th Armenian Ch. / The Highest League"]
[Site "Yerevan"]
[Date "2015.01.21"]
[Round "9"]
[Board "1"]
[White "Andriasian, Zaven"]
[Black "Hovhannisyan, Robert Ar."]
[Result "1/2-1/2"]
[WhiteElo "2609"]
[BlackElo "2594"]
[PlyCount "34"]
[EventDate "2015.01.12"]
[EventRounds "9"]
[EventCountry "ARM"]

1. e4 c6 2. d3 d5 3. Nd2 e5 4. Ngf3 Bd6 5. g3 Nf6 6. Bg2 O-O 7. O-O Re8 8. Re1
d4 9. a4 c5 10. Nc4 Bc7 11. c3 Nc6 12. cxd4 cxd4 13. Bd2 a5 14. Rc1 h6 15. Nh4
Be6 16. Nf5 Kh7 17. Rf1 Qd7 1/2-1/2